000 00818nam a22002777a 4500
001 000416
003 DO-SdBNP
005 20240815100246.0
007 000416
008 160722b2000 sp a | 00| 0 spa d
020 _a8476728840
040 _aBPMSU
_bspa
_cBPMSU
082 4 _a808.87
_bM637m 2000
_222
092 _axxxxx
_bxxxxx
245 0 4 _aLos 1000 mejores chistes /
_cselección y presentación J.L. Salmer.
246 1 3 _aLos mil mejores chistes.
260 _aBarcelona :
_bEdicomunicación,
_c2000.
300 _a158 p. :
_bil. ;
_c19 cm.
490 0 _aEvasión,
_v7
590 _aInventariado, 2024/VM
650 4 _a Anécdotas
_vColecciones
650 4 _aHumorismo
_vColecciones
700 1 _aSalmer, J. L.,
_d1955-
_ecompilador
910 _aVMateo V. Control de calidad. BPMSU
942 _2ddc
_cBK
999 _c11005
_d11005